Capitals by Country - Asia - Statistics

General Stats
  • This quiz has been taken 21 times
  • The average score is 46 of 48
Answer Stats
Countries Capitals % Correct
United ArabEmirates Abu Dhabi
100%
Turkey Ankara
100%
Kazakhstan Astana
100%
Iraq Baghdad
100%
Azerbaijan Baku
100%
Thailand Bangkok
100%
China Beijing
100%
Lebanon Beirut
100%
Bangladesh Dhaka
100%
Qatar Doha
100%
Vietnam Hanoi
100%
Pakistan Islamabad
100%
Indonesia Jakarta
100%
Israel Jerusalem
100%
Nepal Kathmandu
100%
Malaysia Kuala Lumpur
100%
Kuwait Kuwait City
100%
Philippines Manila
100%
India New Delhi
100%
Cyprus Nicosia
100%
Cambodia Phnom Penh
100%
North Korea Pyongyang
100%
Saudi Arabia Riyadh
100%
South Korea Seoul
100%
Singapore Singapore
100%
Taiwan Taipei
100%
Georgia Tbilisi
100%
Iran Tehran
100%
Japan Tokyo
100%
Mongolia Ulaanbaatar
100%
Armenia Yerevan
100%
Jordan Amman
94%
Syria Damascus
94%
Afghanistan Kabul
94%
Oman Muscat
94%
Sri Lanka SriJayawardenepura Kotte
94%
Turkmenistan Ashgabat
89%
Kyrgyzstan Bishkek
89%
Bahrain Manama
89%
Myanmar Naypyidaw
89%
Yemen Sana'a
89%
Brunei Bandar SeriBegawan
83%
East Timor Dili
83%
Maldives Malé
83%
Uzbekistan Tashkent
83%
Bhutan Thimphu
83%
Laos Vientiane
83%
Tajikistan Dushanbe
78%
No matching quizzes found
Score Distribution
Percent of People with Each Score
Percentile by Number Answered
Your Score History
You have not taken this quiz